| 000 | 00948nas a2200277 4500 | ||
|---|---|---|---|
| 001 | BR9604861 | ||
| 003 | BR-BrBNA | ||
| 005 | 20231205095337.0 | ||
| 007 | ta | ||
| 008 | 230509b bl.|||p| |||| 00| 00por d | ||
| 040 |
_aBR-BrBNA _bpor _cBiblioteca Nacional de Agricultura |
||
| 041 | _a(Pt) | ||
| 072 | _aQ54 | ||
| 100 | 1 | _aZucchi, O.L.A.D. | |
| 100 | 1 | _aNascimento Filho, V.F. do | |
| 245 | 1 | _aCaracterizacao qualitativa e quantitativa de elementos, pela tecnica de fluorescencia de raios X, em suplementos minerais para animais; 1: dispersao de comprimento de onda | |
| 650 | _aRuminante | ||
| 650 | _aRaio X | ||
| 650 | _aSuplemento Mineral | ||
| 650 | _aMicroelemento | ||
| 650 | _aAnalise Qualitativa | ||
| 650 | _aAnalise Quantitativa | ||
| 773 | 0 |
_tPesquisa Agropecuaria Brasileira (Brazil) _xISSN 0100-204X _g(Dec 1995), v. 30(12) p. 1427-1439 _wBR9604861 |
|
| 909 |
_a202311 _bLúcia _c55 _dLúcia Elande |
||
| 942 |
_2AGRIS _n0 _cANA |
||
| 999 |
_c150146 _d150146 |
||